| 000 | 00569nam a22002057a 4500 | ||
|---|---|---|---|
| 003 | BD-DhUIB | ||
| 005 | 20251101153347.0 | ||
| 008 | 251101b |||||||| |||| 00| 0 eng d | ||
| 040 |
_aBD-DhUIB _cBD-DhUIB |
||
| 050 | _a658.00212 | ||
| 082 | _222 | ||
| 100 |
_aLind, Douglas A. _9240 |
||
| 245 |
_aStatistical techniques in business and economics/ _cby Douglas A. Lind. |
||
| 250 | _a19th ed. | ||
| 260 |
_aUnited kingdom. _bMcGraw Hill. _cc2024 |
||
| 300 |
_a xxvi, 874p. : _billus. ; _c26cm. |
||
| 526 | _aBBA | ||
| 700 |
_aSamuel A. Wathen. _91065 |
||
| 942 |
_2ddc _cBK |
||
| 999 |
_c634 _d634 |
||